000 01562cam a2200361 i 4500
001 43917
003 Mx-PuUPA
005 20260420140253.0
008 140415s2013 mouado fr 001 0 eng d
020 _a9780323083171
_qempastado
_qpapel alcalino
040 _aMX-PuUPA
_bspa
_erda
_cMx-PuUPA
_dMx-PuUPA
041 0 _aeng
245 0 0 _aContemporary orthodontics /
_cWilliam R. Proffit, Henry W. Fields, David M. Sarver ; contributor, James L. Ackerman
250 _aFifth edition
264 1 _aSt. Louis Missouri :
_bElsevier Inc.,
_c©2013
300 _axiii, 754 páginas :
_bilustraciones, diagramas, fotográfias (principalmente a color) ;
_c29 cm
336 _2rdacontent
_atexto
_btxt
336 _2rdacontent
_aimagen fija
_bsti
337 _2rdamedia
_asin medio
_bn
338 _avolumen
_2rdacarrier
_bnc
650 7 _2armarc
_aOrtodoncia
_xMétodos
700 1 _aProffit, William R.,
_eautor
_95418
700 1 _aFields, Henry W.,
_eautor
700 1 _aSarver, David M.,
_eautor
700 1 _aAckerman, James L.,
_ecolaborador
767 0 _aWilliam R. Proffit
_tOrtodoncia contemporánea
_bQuinta edición
_dBarcelona, España : Elsevier España, ©2014
_z9788490223147
_w(Mx-PuUPA) 29845
773 0 8 _iTraducido como:
_aWilliam R. Proffit
_tOrtodoncia contemporánea
_bQuinta edición
_dBarcelona, España : Elsevier España, ©2014
_w(Mx-PuUPA) 29845
_z9788490223147
942 _2ddc
_cLI
_h617.643
_iC74
999 _c43917
_d43917